WWF WrestleMania VI Match Card - Statistics

General Stats
  • This quiz has been taken 51 times
  • The average score is 33 of 38
Answer Stats
Match type Wrestler % Correct
Tag team André the Giant
97%
Tag team Bret Hart
97%
Singles Hulk Hogan
97%
Singles Jake Roberts
97%
Mixed tag team Randy Savage
97%
Singles The Ultimate Warrior
97%
Tag team Ax
93%
Singles Big Boss Man
93%
Mixed tag team Dusty Rhodes
93%
Tag team Haku
93%
Tag team Jim Neidhart
93%
Tag team Marty Jannetty
93%
Mixed tag team Queen Sherri
93%
Singles Rick Martel
93%
Singles Rick Rude
93%
Mixed tag team Sapphire
93%
Tag team Shawn Michaels
93%
Tag team Smash
93%
Singles Earthquake
90%
Singles Ted DiBiase
90%
Singles Tito Santana
90%
Singles Akeem
86%
Singles Brutus Beefcake
86%
Singles Hercules
86%
Singles Jimmy Snuka
86%
Singles Mr. Perfect
86%
Tag team Pat Tanaka
86%
Tag team Sato
86%
Singles The Barbarian
86%
Singles Dino Bravo
83%
Singles Jim Duggan
83%
Tag team Nikolai Volkoff
83%
Singles Bad News Brown
79%
Singles Roddy Piper
79%
Singles Koko B. Ware
76%
Tag team Boris Zhukov
72%
Singles Paul Roma
69%
Singles Brooklyn Brawler
55%
No matching quizzes found
Score Distribution
Percent of People with Each Score
Percentile by Number Answered
Your Score History
You have not taken this quiz